市町村数が多い都道府県を選ぶ -サドンデス- - Statistics

General Stats
  • This quiz has been taken 338 times
  • The average score is 15 of 26
Answers on the Grid
Answers color-coded by a green-red scale on the quiz's grid according to % correct below.
北海道
青森県
岩手県
宮城県
秋田県
山形県
福島県
茨城県
栃木県
群馬県
埼玉県
千葉県
東京都
神奈川県
新潟県
富山県
石川県
福井県
山梨県
長野県
岐阜県
静岡県
愛知県
三重県
滋賀県
京都府
大阪府
兵庫県
奈良県
和歌山県
鳥取県
島根県
岡山県
広島県
山口県
徳島県
香川県
愛媛県
高知県
福岡県
佐賀県
長崎県
熊本県
大分県
宮崎県
鹿児島県
沖縄県
 
Answer Stats
Answer % Correct
179 北海道
97%
63 埼玉県
89%
54 千葉県
84%
39 東京都
84%
54 愛知県
81%
43 大阪府
80%
77 長野県
78%
41 兵庫県
76%
60 福岡県
73%
59 福島県
70%
44 茨城県
66%
33 神奈川県
65%
42 岐阜県
63%
43 鹿児島県
61%
35 静岡県
56%
30 新潟県
53%
41 沖縄県
50%
33 岩手県
48%
45 熊本県
43%
35 宮城県
40%
39 奈良県
39%
35 山形県
35%
40 青森県
34%
35 群馬県
34%
34 高知県
20%
30 和歌山県
10%
No matching quizzes found
Score Distribution
Percent of People with Each Score
Percentile by Number Answered
Your Score History
You have not taken this quiz